00791nam a2200241Ia 4500008004100000245003700041245003000078260001800108260007500126260000900201300004300210300002900253300001400282440004200296500002500338650001900363650001800382650002900400650004100429650002200470700002900492700002800521160319s9999 xx 000 0 und d aMythology in literary culture /  cDiscovery Channel School. aPhilippines:  bDistributed by Magnavision Home Video/Discovery Communications, Inc.,  c2005 a1 VCD-video (approximately 50 min.) :  bdigital, sound, color ;  c4 3/4 in. aDiscovery Channel School. Literature. aLanguage in English. aLife sciences. aMicrobiology. aMythology in literature. aMythology, Classical, in literature. aMythology, Greek. aDiscovery School (Firm). aMagnavision Home Video.